01340nam a22002177aa4500008004100000020001500041050002300056100002600079240007300105245017800178260003000356300003600386504003200422505047700454650003400931650002800965650002700993700002601020700004001046700003601086150806s2007 mx ||||| |||| 00| 0 spa d a970666453X aBF318 bD7918 2007 aDryden, Gordoneautor aThe learning reolution to change the way the world learnslespañol aLa revolución del aprendizajeb : para cambiar la forma de aprender en el mundoc / Gordon Dryden y Jeannette Vos ; traduccion Alma Alexandra Garcia y Tziviah Aguilar Aks  aMéxicob : Tomoc, 2007 a572 páginasb : ilustraciones aReferencias: (pp. 543-556)  aEl futuro ¿Por qué no el mejor? Conoce tu maravilloso cerebro Una guía de "hágalo usted mismo" Cómo tener grandes ideas Justo desde el principio Los años vitales El secreto de secretos del aprendizaje El aprendizaje verdadero; la manera rápida y divertida Hágalo con estilo Pero, ¿qué pasa si comienza tarde? Cómo resolver el problema de la deserción La planeación de las escuelas del mañana El mundo de los negocios del mañana ¡Hágalo!  0aPSICOLOGÍA DEL APRENDIZAJE  0aINNOVACIONES EDUCATIVAS 0aTECNOLOGÍA EDUCATIVA aVos, Jeannetteeautor aGarcía, Alma Alexandraetraductor aAguilar Ask, Tziviahetraductor